| 000 | 00777nam a2200229Ii 4500 | ||
|---|---|---|---|
| 003 | JO-AjNU | ||
| 008 | 230605s9999||||xx |||||||||||||| ||und|| | ||
| 017 | _a2012/2/575 | ||
| 020 | _a978-9957-423-261 | ||
| 040 |
_aJO-AjNU _bara _erda _cJO-AjNU |
||
| 041 | _aara | ||
| 050 | 1 | 4 | _aBF698 2013 |
| 100 | 3 |
_aالبظ، سوزان, _eauthor _957227 |
|
| 245 | 0 | 0 | _aتعرف على شخصيتك من خلال صفاتك و تصرفاتك |
| 250 | _aط1 | ||
| 264 | 3 | 1 | _aالشارقة: دار الاسرة للنشر والتوزيع، 2013 |
| 300 |
_a79ص _bيحتوي ببلوغرافية من ص 77-79ص |
||
| 336 |
_atext _btxt _2rdacontent |
||
| 337 |
_aunmediated _bn _2rdamedia |
||
| 338 |
_avolume _bnc _2rdacarrier |
||
| 650 | 4 |
_aعلم نفس - الشخصية _957228 |
|
| 999 |
_aA25631 _c29199 _d29199 |
||